000 01635nam a22002177a 4500
003 IT-MiCISF
005 20230418113201.0
008 230418b |||||||| |||| 00| 0 eng d
040 _cIT-MiCISF
041 _ait
100 _aPapa Francesco
_959911
245 _aFamiglia.
_bAmoris Laetitia fatta carne
260 _aMilano,
_bPaoline,
_c2022
300 _app. 113
500 _apastorale-familiare, ,famiglia, magistero
520 _aIl volume propone il grande tema dell'amore nel matrimonio, come sviluppato nel Quarto Capitolo di Amoris laetitia, ritenuto da papa Francesco il cuore dell'Esortazione apostolica. Un trattato a sé in cui il Papa si mette dalla parte dei fidanzati, degli sposi, della coppia, dei membri di una famiglia e dialoga con loro, con empatia e verità, su ciò che può tener sempre vivo l'amore nella coppia e nella famiglia, ma anche su ciò che può uccidere questo amore. Francesco, da "innamorato" della famiglia, ne celebra la bellezza a tutto campo. Nello stesso tempo attribuisce al sacramento del matrimonio di un uomo e di una donna la forza simbolica di essere icona dell'amore di Dio per noi; incoraggia, quindi, la coppia ad alimentare l'interrelazione d'amore e di mutuo aiuto, ogni giorno, con parole, gesti e comportamenti semplici, rispettosi e concreti. Il volume è arricchito dal commento di Gigi De Palo e Anna Chiara Gambini, marito e moglie, dediti alla formazione e animazione delle famiglie. Leggi di meno
650 _aPastorale-familiare
_959912
654 _aantologia
700 _acon il commento di De Palo Gigi e Gambini Anna Chiara
_959913
942 _2ddc
_cBK
999 _c359676
_d359676